Visualizzazione normale
Vista MARC
- "1° V. 1884-1922. 322 p. 2° V 1923-1945. 266 p 3° V. 1946-1971. 400 p."
di Personal Name
Records bibliografici associati: 2
001 - CONTROL NUMBER
- control field: 206
003 - CONTROL NUMBER IDENTIFIER
- control field: IT-RoPau
005 - DATE AND TIME OF LATEST TRANSACTION
- control field: 20130121093209.0
008 - FIXED-LENGTH DATA ELEMENTS
- fixed length control field: 130121|| aca||aabn | a|a d
040 ## - CATALOGING SOURCE
- Original cataloging agency: IT-RoPau
- Transcribing agency: IT-RoPau
100 ## - HEADING--PERSONAL NAME
- Personal name: "1° V. 1884-1922. 322 p. 2° V 1923-1945. 266 p 3° V. 1946-1971. 400 p."
670 ## - SOURCE DATA FOUND
- Source citation: Work cat.: (IT-RoPau)23559: Barbero, Giuseppe ssp 205, Il sacerdote Giacomo Alberione un uomo-un'idea , 1991